Dance moms Mackenzie season 4 solos - Statistics

General Stats
  • This quiz has been taken 447 times
  • The average score is 4 of 6
Answer Stats
Hint Dance % Correct
Did Maddie's old well-known dance, 2nd place Cry
97%
In a Waitress costume, 1st place Take it to Go
67%
Lip sings, 2nd place Love Overdose
58%
Orange costume, 1st place Watch Me Fly
56%
Mature Number, 3rd place Out of My Mind
50%
Hair falls out, Mature, 1st place Seeing Red
50%
No matching quizzes found
Score Distribution
Percent of People with Each Score
Percentile by Number Answered
Your Score History
You have not taken this quiz